|
|
|
|
| LEADER |
00000nam0a2200000 4500 |
| 001 |
312677 |
| 005 |
20231102002516.0 |
| 035 |
|
|
|a (RuTPU)RU\TPU\book\338047
|
| 090 |
|
|
|a 312677
|
| 100 |
|
|
|a 20151225d1896 m y0rusy50 ca
|
| 101 |
0 |
|
|a rus
|
| 102 |
|
|
|a RU
|
| 105 |
|
|
|a a j 001zy
|
| 200 |
1 |
|
|a Новый, простой способ решения численных алгебраических уравнений, каких угодно, целых степеней. Отдел 1: Решение уравнений с одним неизвестным
|f В. С. Починский
|
| 210 |
|
|
|a Санкт-Петербург
|c Паровая скоропечатня П. О. Яблонского
|d 1896
|
| 215 |
|
|
|a 247 с.
|c черт.
|
| 300 |
|
|
|a Текст в русской дореформенной орфографии
|
| 316 |
|
|
|5 63413507: М-132766
|a На титульном листе владельческий штамп: "Из книг инж. И. Н. Бутакова"
|
| 317 |
|
|
|5 63413507: М-132766
|a Поступила в НТБ в 1970 г. в составе книжного собрания профессора ТПИ И. Н. Бутакова
|
| 320 |
|
|
|a Примечания в конце книги
|
| 606 |
1 |
|
|a Алгебра
|2 stltpush
|3 (RuTPU)RU\TPU\subj\1723
|9 30429
|
| 610 |
1 |
|
|a алгебраические уравнения
|
| 610 |
1 |
|
|a арифметические действия
|
| 610 |
1 |
|
|a уравнения высшего порядка
|
| 610 |
1 |
|
|a уравнения с одним неизвестным
|
| 610 |
1 |
|
|a решения
|
| 610 |
1 |
|
|a владельческие знаки
|
| 610 |
1 |
|
|a библиотека И. Н. Бутакова
|
| 675 |
|
|
|a 512
|v 4
|
| 700 |
|
1 |
|a Починский
|b В. С.
|
| 801 |
|
1 |
|a RU
|b 63413507
|c 20151225
|
| 801 |
|
2 |
|a RU
|b 63413507
|c 20190805
|g RCR
|
| 942 |
|
|
|c BK
|